00425nam a22001577a 450000500170000002000180001704100080003508200170004310000170006024500400007726000360011730000460015350400190019965000290021865000200024720260502160141.0 a9788131516874 aENG a658.15bPAU  aPaul, Justin aManagerial economics /cJustin Paul aNew Delhi :bCengage , c2012.  axii, 295 pages :billustrations ;c24 cm. aInclude index. aBusiness decision making aDemand analysis